Meisterkader Stuttgart 2007 - Statistiken

Allgemein
  • Dieses Quiz wurde 54 mal gespielt
  • Das Durchschnittsergebnis liegt bei 8 aus 23
Antwortstatistiken
Postion Einsätze Antwort % Korrekt
Sturm 33 Cacau
77%
Sturm 25 Mario Gomez
77%
Torwart 33 Timo Hildebrand
77%
Mittelfeld 22 Sami Khedira
54%
Trainer 34 Armin Veh
52%
Abwehr 20 Fernando Meira
48%
Mittelfeld 30 Thomas Hitzlsperger
40%
Abwehr 27 Ricardo Osorio
35%
Mittelfeld 33 Pavel Pardo
33%
Mittelfeld 15 Christian Gentner
31%
Abwehr 34 Roberto Hilbert
31%
Abwehr 26 Serdar Tasci
31%
Mittelfeld 22 Ludovic Magnin
27%
Abwehr 33 Matthieu Delpierre
25%
Abwehr 4 Andreas Beck
23%
Abwehr 19 Arthur Boka
17%
Sturm 27 Marco Streller
17%
Mittelfeld 28 Antonio da Silva
15%
Abwehr 2 Markus Babbel
15%
Torwart 1 Michael Langer
10%
Mittelfeld 9 Alexander Farnerud
6%
Sturm 11 Benny Lauth
4%
Mittelfeld 12 Daniel Bierofka
4%
Keine übereinstimmenden Quizze gefunden
Verteilung der Resultate
Anzahl Personen mit jedem Resultat
Perzentil nach korrekt beantworteten Fragen
Ihre Resultats-Entwicklung
Sie haben dieses Quiz noch nicht gespielt